[Event "Budapest for the Tournament Player: 1500 - 2000 #2"]
[Site "SchemingMind.com"]
[Date "2007.06.25"]
[Round "-"]
[White "kifosi"]
[Black "lacus66"]
[Result "1-0"]
[WhiteCountry "DEN"]
[BlackCountry "HUN"]
[WhiteElo "1805"]
[WhiteRD "69"]
[BlackElo "1668"]
[BlackRD "72"]
[GameID "110719"]

1. d4 Nf6 2. c4 e5 3. dxe5 Ng4 4. Bf4 Nc6 5. Nf3 Bc5 6. e3 Bb4+ 7. Nbd2 d6 8. exd6 Bxd6 9. Bxd6 Qxd6 10. Be2 Bf5
11. Nh4 Nh6 12. Nxf5 Nxf5 13. O-O O-O 14. Nf3 Qf6 15. Qb3 b6 16. Rfd1 Rfd8 17. Rxd8+ Rxd8 18. Rd1 Rxd1+ 19. Bxd1 Na5 20. Qd3 g6
21. b3 c5 22. Bc2 Nc6 23. h3 Qa1+ 24. Bb1 Nb4 25. Qf1 Nxa2 26. Bxf5 Qxf1+ 27. Kxf1 gxf5 28. Nd2 Nc3 29. f3 b5 30. Kf2 bxc4
31. Nxc4 Nb5 32. Ke2 Nc3+ 33. Kd3 Nd5 34. Nd6 Ne7 35. Kc4 Kf8 36. Kxc5 f6 37. b4 Kg7 38. b5 Kg6 39. Kd4 Kg5 40. g3 h5
41. h4+ Kg6 42. e4 fxe4 43. fxe4 Kg7 44. Nf5+ Nxf5+ 45. exf5 Kf7 46. Kd5
1-0

[Event "Budapest for the Tournament Player: 1500 - 2000 #2"]
[Site "SchemingMind.com"]
[Date "2007.06.25"]
[Round "-"]
[White "javilez"]
[Black "lacus66"]
[Result "1-0"]
[WhiteCountry "NCA"]
[BlackCountry "HUN"]
[WhiteElo "1797"]
[WhiteRD "61"]
[BlackElo "1696"]
[BlackRD "70"]
[GameID "110720"]

1. d4 Nf6 2. c4 e5 3. dxe5 Ng4 4. Bf4 Nc6 5. Nf3 d6 6. Nc3 Bf5 7. e4 Be6 8. exd6 Bxd6 9. Bxd6 Qxd6 10. Be2 O-O-O
11. O-O Qc5 12. Qb3 Na5 13. Qb5 Qxb5 14. Nxb5 a6 15. Na3 Rhe8 16. b3 c5 17. Rad1 Nf6 18. e5 Ne4 19. Nb1 f5 20. exf6 Nxf6
21. Nc3 Bf5 22. Rxd8+ Rxd8 23. Rd1 Rxd1+ 24. Bxd1 Ne4 25. Nxe4 Bxe4 26. Nd2 Bg6 27. g4 Nc6 28. f4 Nd4 29. f5 Bf7 30. Kf2 b5
31. cxb5 Nxb5 32. Be2 Kb7 33. Ne4 Bd5 34. Nxc5+ Kb6 35. Ne6 g6 36. fxg6 hxg6 37. Nf4 Bf7 38. Bc4 Bxc4 39. bxc4 Nc3 40. Nxg6
1-0

[Event "Budapest for the Tournament Player: 1500 - 2000 #2"]
[Site "SchemingMind.com"]
[Date "2007.06.25"]
[Round "-"]
[White "Theodoric"]
[Black "lacus66"]
[Result "1-0"]
[WhiteCountry "ENG"]
[BlackCountry "HUN"]
[WhiteElo "1793"]
[WhiteRD "62"]
[BlackElo "1778"]
[BlackRD "74"]
[GameID "110721"]

1. d4 Nf6 2. c4 e5 3. dxe5 Ng4 4. e4 Nxe5 5. f4 Nec6 6. Nf3 Bc5 7. Nc3 O-O 8. Bd3 d6 9. a3 Bg4 10. h3 Bxf3
11. Qxf3 Nd4 12. Qg3 Re8 13. b4 Nb3 14. Rb1 Nxc1 15. Rxc1 Bd4 16. Bb1 Qf6 17. Nd5 Qd8 18. Kf1 c6 19. Ne3 Bb2 20. Nf5 a5
21. Rd1 axb4 22. e5 g6 23. Rxd6 Qc7 24. Qg5 bxa3 25. Ba2 Nd7 26. h4 Re6 27. h5 c5 28. hxg6 fxg6 29. Rxh7
1-0